000 00340 a2200169 4500
001 58203
020 _a8516009521
040 _cAnchieta - Pituba
100 _aAlencar, José de
240 1 0 _aIracema
_lpor
245 1 0 _aIracema
300 _a87
362 0 _a1993
440 1 _aModerna
650 4 _aFicção brasileira
942 _cBK
999 _c58203
_d58203